[Event "It (open)"]
[Site "masterchessopen.com Zurich (Switzerland)"]
[Date "2009.12.29"]
[Round "5"]
[White "Zude Arno (GER)"]
[Black "Rosenthal Jonathan (SUI)"]
[Result "1-0"]
[WhiteElo "2461"]
[BlackElo "2262"]

1.e4 c5 2.Nf3 Nc6 3.d4 cxd4 4.Nxd4 Nf6 5.Nc3 d6 6.Bg5 e6 7.Qd2 Be7 8.O-O-O
Nxd4 9.Qxd4 O-O 10.f4 Qa5 11.Qd3 h6 12.Bh4 Rd8 13.Be2 Bd7 14.Bf3 Bc6 15.Kb1
Rd7 16.Be1 Qd8 17.Qe2 Rb8 18.g4 b5 19.Qg2 b4 20.Ne2 d5 21.e5 Ne4 22.Nd4 Ba8
23.h4 Bc5 24.g5 h5 25.g6 Bxd4 26.Rxd4 Nc3+ 27.Ka1 Qa5 28.Bxc3 bxc3 29.b3 Rb4
30.Rxb4 Qxb4 31.Qg5 d4 32.Bxa8 Qa3 33.Rb1 d3 34.gxf7+ Kf8 35.cxd3 c2 36.f5
Rxd3 37.f6 cxb1=Q+ 38.Kxb1 Rxb3+ 39.axb3 Qxb3+ 40.Kc1 Qc3+ 41.Kd1 Qd3+ 42.Ke1
Qc3+ 43.Kf1 Qc4+ 44.Kg1 Qg4+ 45.Qxg4 hxg4 {#r} 1-0

[Event "It (open) \"]
[Site "masterchessopen.com Hastings (England)"]
[Date "2010.01.04"]
[Round "8"]
[White "Lenier Jude (ENG)"]
[Black "McDonnell James J (IRL)"]
[Result "1-0"]
[WhiteElo "1963"]
[BlackElo "1965"]

1.e4 c5 2.Nf3 Nc6 3.d4 cxd4 4.Nxd4 Nf6 5.Nc3 d6 6.Bg5 e6 7.Qd2 Be7 8.O-O-O
Nxd4 9.Qxd4 O-O 10.f4 Qa5 11.Kb1 Rd8 12.Be2 h6 13.Bh4 e5 14.Qf2 exf4 15.Nd5
Nxd5 16.Rxd5 Qc7 17.Bxe7 Qxe7 18.Qxf4 Be6 19.Rd3 Bc4 20.Re3 Bxe2 21.Rxe2 Qe5
22.Qf3 Rd7 23.g4 d5 24.h4 Rad8 25.a3 dxe4 26.Rxe4 Rd1+ 27.Ka2 Qd5+ 28.c4 Qd3
29.Rxd1 Qxd1 30.Re8+ {#r} 1-0

[Event "Ch Provinciale VE"]
[Site "masterchessopen.com Venice (Italy)"]
[Round "4"]
[White "Boscolo Marco (ITA)"]
[Black "Bozzao Francesco (ITA)"]
[Result "1-0"]
[WhiteElo "2149"]
[BlackElo "1893"]

1.e4 c5 2.Nf3 d6 3.d4 cxd4 4.Nxd4 Nf6 5.Nc3 Nc6 6.Bg5 e6 7.Qd2 Be7 8.O-O-O O-O
9.f4 Nxd4 10.Qxd4 Qa5 11.Bd3 Bd7 12.e5 dxe5 13.fxe5 Bc6 14.Qh4 h6 15.exf6 Bxf6
16.Bxf6 gxf6 17.Qxf6 Qg5+ 18.Qxg5+ hxg5 19.Be4 {#r} 1-0

[Event "Memorial Marko Jaric-Zujo (active)"]
[Site "masterchessopen.com Stari Mikanovci (Croatia)"]
[Date "2010.04.16"]
[Round "9"]
[White "Brkic Ante (CRO)"]
[Black "Jovanovic Zoran (CRO)"]
[Result "0-1"]
[WhiteElo "2564"]
[BlackElo "2520"]

1.e4 c5 2.Nf3 d6 3.d4 cxd4 4.Nxd4 Nf6 5.Nc3 Nc6 6.Bg5 e6 7.Qd2 Be7 8.O-O-O O-O
9.f4 Nxd4 10.Qxd4 Qa5 11.Bc4 Rd8 12.Rd3 b5 13.Bxb5 Bb7 14.Rg3 Kf8 15.Bd3 Rac8
16.Be2 h6 17.h4 e5 18.Qd3 hxg5 19.hxg5 Ng8 20.f5 Rxc3 21.bxc3 d5 22.Qb5 Qxb5
23.Bxb5 dxe4 24.Rh8 Ba3+ {#R} 0-1

[Event "Tournament (Elo) \"]
[Site "masterchessopen.com Warsaw (Poland)"]
[Date "2010.04.23"]
[Round "3"]
[White "Nowicki Bartosz (POL)"]
[Black "Gluszko Monika (POL)"]
[Result "1-0"]
[WhiteElo "2068"]
[BlackElo "2003"]

1.e4 c5 2.Nf3 Nc6 3.d4 cxd4 4.Nxd4 Nf6 5.Nc3 d6 6.Bg5 e6 7.Qd2 Be7 8.O-O-O O-O
9.f4 Nxd4 10.Qxd4 Qa5 11.Bd3 Rd8 12.Qf2 Bd7 13.Qg3 Rac8 14.e5 dxe5 15.fxe5 Nh5
16.Qh4 Bxg5+ 17.Qxg5 Nf6 18.Rhf1 Kh8 19.Rxf6 gxf6 20.Qxf6+ Kg8 21.Qh6 Be8
22.Bxh7+ Kh8 23.Bd3+ Kg8 24.Ne4 f5 25.exf6 Qc7 26.f7+ Kxf7 27.Rf1+ Ke7 28.Qf8+
Kd7 29.Bb5+ {#r} 1-0

[Event "Ch Turkey (team)"]
[Site "masterchessopen.com Konya (Turkey)"]
[Date "2010.06.30"]
[Round "2"]
[White "Lastin Alexander (RUS)"]
[Black "Sanikidze Tornike (GEO)"]
[Result "1-0"]
[WhiteElo "2616"]
[BlackElo "2564"]

1.e4 c5 2.Nf3 d6 3.d4 cxd4 4.Nxd4 Nf6 5.Nc3 Nc6 6.Bg5 e6 7.Qd2 Be7 8.O-O-O O-O
9.f4 Nxd4 10.Qxd4 Qa5 11.e5 dxe5 12.Qxe5 Qc5 13.Be2 Nd7 14.Bxe7 Qxe7 15.Qc7
Qd8 16.Qxd8 Rxd8 17.Rd4 Kf8 18.Rhd1 Ke7 19.Bf3 a6 20.Na4 Rb8 21.Nb6 a5 22.a4
h6 23.h4 Nxb6 24.Rxd8 Nxa4 25.Rg8 b5 26.Rdd8 Nb6 27.g4 f6 28.g5 fxg5 29.hxg5
hxg5 30.fxg5 e5 31.Bh5 {#r} 1-0

[Event "Ch Poland (team) (juniors) (2 liga)"]
[Site "masterchessopen.com Chelm (Poland)"]
[Date "2010.07.14"]
[Round "11"]
[White "Skiba Marta (POL)"]
[Black "Jasnikowska Malgorzata (POL)"]
[Result "0-1"]
[WhiteElo "1686"]
[BlackElo "1717"]

1.e4 c5 2.Nf3 Nc6 3.d4 cxd4 4.Nxd4 Nf6 5.Nc3 d6 6.Bg5 e6 7.Qd2 Be7 8.f4 O-O
9.O-O-O Nxd4 10.Qxd4 Qa5 11.Be2 Rd8 12.Qe3 Bd7 13.Kb1 Rac8 14.Bf3 Bc6 15.e5
dxe5 16.fxe5 Nd5 17.Bxd5 Bxg5 18.Qxg5 Bxd5 19.Nxd5 Rxd5 20.Rhe1 Rcd8 21.Rxd5
Qxe1+ {#R} 0-1

[Event "It (open)"]
[Site "masterchessopen.com Graz (Austria)"]
[Date "2010.08.29"]
[Round "2"]
[White "Mihevc Ivo (SLO)"]
[Black "Danner Georg (AUT)"]
[Result "0-1"]
[WhiteElo "2193"]
[BlackElo "2422"]

1.e4 c5 2.Nf3 Nc6 3.d4 cxd4 4.Nxd4 Nf6 5.Nc3 d6 6.Bg5 e6 7.Qd2 Be7 8.O-O-O
Nxd4 9.Qxd4 O-O 10.f4 Qa5 11.e5 dxe5 12.Qxe5 Qxe5 13.fxe5 Nd5 14.Bxe7 Nxe7
15.Bd3 b6 16.Be4 Rb8 17.Rhe1 Bb7 18.Bxb7 Rxb7 19.Nb5 a6 20.Nd4 Rc8 21.c3 b5
22.Nc2 h5 23.Kb1 Kh7 24.Rd4 g6 25.a4 bxa4 26.Rxa4 Rxc3 27.Rxa6 Nd5 28.Nd4 Rc4
29.Nc2 Rxc2 {#R} 0-1

[Event "It (open)"]
[Site "masterchessopen.com Graz (Austria)"]
[Date "2010.09.01"]
[Round "5"]
[White "Schachinger Mario (AUT)"]
[Black "Danner Georg (AUT)"]
[Result "1-0"]
[WhiteElo "2356"]
[BlackElo "2422"]

1.e4 c5 2.Nf3 Nc6 3.d4 cxd4 4.Nxd4 Nf6 5.Nc3 d6 6.Bg5 e6 7.Qd2 Be7 8.O-O-O
Nxd4 9.Qxd4 O-O 10.f4 Qa5 11.e5 dxe5 12.Qxe5 Qxe5 13.fxe5 Nd5 14.Bxe7 Nxe7
15.Bd3 b6 16.Be4 Rb8 17.Rhe1 Bb7 18.Rd7 Bxe4 19.Rxe4 Nc6 20.Nb5 Rfd8 21.Rd6
Rbc8 22.Rc4 Nxe5 23.Rxc8 Rxc8 24.Nxa7 Rb8 25.Nc6 Nxc6 26.Rxc6 e5 27.c4 f6
28.a4 Kf7 29.Rc7+ Kg6 30.c5 bxc5 31.Rxc5 Kf5 32.Rc7 Rb4 33.a5 Ra4 34.Rc5 Ke4
35.b3 Ra2 36.Kb1 Rd2 37.a6 Rd7 38.b4 Ra7 39.b5 Kd4 40.Rc2 e4 41.b6 Rxa6 42.b7
Rb6+ 43.Rb2 Rxb7 44.Rxb7 Ke3 45.Rxg7 Kf2 46.g4 e3 47.Rxh7 e2 48.Re7 e1=Q+
49.Rxe1 Kxe1 50.h4 {#r} 1-0

[Event "Memorial Ipavec (open)"]
[Site "masterchessopen.com Sentjur (Slovenia)"]
[Date "2010.09.18"]
[Round "3"]
[White "Sorcnik Franc (SLO)"]
[Black "Jaklin Damir (CRO)"]
[Result "0-1"]
[WhiteElo "2136"]
[BlackElo "1982"]

1.e4 c5 2.Nf3 d6 3.d4 cxd4 4.Nxd4 Nf6 5.Nc3 Nc6 6.Bg5 e6 7.f4 Be7 8.Qd2 Nxd4
9.Qxd4 O-O 10.O-O-O Qa5 11.Kb1 h6 12.h4 Rd8 13.Be2 e5 14.Qf2 exf4 15.Bxf4 Be6
16.Bf3 Rac8 17.Nd5 Nxd5 18.exd5 Bf5 19.Rc1 Bf6 20.Qd2 Qb6 21.b3 Rc3 22.Rce1
Rxc2 23.Qxc2 Bxc2+ 24.Kxc2 Qd4 25.Bd2 Rc8+ 26.Kd1 Qa1+ 27.Ke2 Qxa2 28.Rd1 Qxb3
29.Kf2 Bd4+ 30.Kg3 Be5+ 31.Bf4 Qe3 32.Bxe5 Qxe5+ 33.Kh3 Qf5+ 34.Kg3 Qe5+
35.Kh3 Re8 36.Rhf1 g6 37.Rc1 Qe7 38.Rc4 b5 39.Rc6 b4 40.h5 g5 41.Rfc1 f5 42.g4
fxg4+ 43.Kxg4 Qd7+ 44.Kg3 Qf5 45.R1c4 Rf8 46.Be4 Qf2+ {#R} 0-1

[Event "Tournament \"]
[Site "masterchessopen.com Moscow (Russia)"]
[Date "2010.09.27"]
[Round "9"]
[White "Bukhteeva Viktoria (RUS)"]
[Black "Charochkina Daria (RUS)"]
[Result "1-0"]
[WhiteElo "2108"]
[BlackElo "2303"]

1.e4 c5 2.Nf3 d6 3.d4 cxd4 4.Nxd4 Nf6 5.Nc3 Nc6 6.Bg5 e6 7.Qd2 Be7 8.f4 O-O
9.O-O-O Nxd4 10.Qxd4 Qa5 11.Bc4 h6 12.Bh4 e5 13.fxe5 dxe5 14.Qd3 Bg4 15.Bxf6
Bxf6 16.Rdf1 Kh8 17.Kb1 Rac8 18.Nd5 Bd8 19.b4 {#r} 1-0

[Event "Olympiad (w)"]
[Site "masterchessopen.com Khanty Mansyisk (Russia)"]
[Date "2010.10.01"]
[Round "10"]
[White "Correa Jaqueline Pamplona (BRA)"]
[Black "Llaneza Vega Patricia (ESP)"]
[Result "0-1"]
[WhiteElo "1963"]
[BlackElo "2207"]

1.e4 c5 2.Nf3 Nc6 3.d4 cxd4 4.Nxd4 Nf6 5.Nc3 d6 6.Bg5 e6 7.Qd2 Be7 8.O-O-O
Nxd4 9.Qxd4 O-O 10.f4 Qa5 11.Be2 h6 12.Bh4 e5 13.Qf2 exf4 14.g3 f3 15.Bxf6
fxe2 16.Rd5 Qd8 17.Bxe7 Qxe7 18.Qxe2 Be6 19.Rd2 Rac8 20.h4 Rfe8 21.Rhd1 Rc6
22.Rd4 Rec8 23.Kb1 Qf6 24.R4d2 Rb6 25.Na4 Rb4 26.b3 Qe5 27.Qf2 Rxe4 28.Qxa7
Re2 29.Nb2 Bf5 30.Nd3 Bxd3 31.Rxd3 Rcxc2 32.Qd4 Rb2+ 33.Ka1 Rxa2+ 34.Kb1 Rab2+
{#R} 0-1

[Event "Ch Provincial (final)"]
[Site "masterchessopen.com Ciego de Avila (Cuba)"]
[Date "2010.10.18"]
[Round "4"]
[White "Garcell Roque Jorge (CUB)"]
[Black "Castellanos Carlos (CUB)"]
[Result "0-1"]
[WhiteElo "2051"]
[BlackElo "2281"]

1.e4 c5 2.Nf3 d6 3.d4 cxd4 4.Nxd4 Nf6 5.Nc3 Nc6 6.Bg5 e6 7.Qd2 Be7 8.O-O-O O-O
9.f4 Nxd4 10.Qxd4 Qa5 11.Kb1 e5 12.Qd2 Kh8 13.Bxf6 Bxf6 14.Nd5 Qxd2 15.Rxd2
Bd8 16.f5 Bd7 17.Bc4 b5 18.Bb3 a5 19.Nc3 Be7 20.a4 bxa4 21.Bxa4 Bxa4 22.Nxa4
Rab8 23.c3 Rfc8 24.Rd5 Rc4 25.Rxa5 Rxe4 26.Rc1 Rf4 27.Rc2 Rxf5 28.b4 g5 29.Ra7
Bf8 30.Rb2 e4 31.Rd7 Kg8 32.Re2 Rf1+ 33.Kc2 f5 34.g3 Rf3 35.Nb2 Rc8 36.Nd1 d5
37.Ne3 d4 38.Rxd4 Bg7 39.Rc4 Rxc4 {#R} 0-1

[Event "It (cat.6)"]
[Site "masterchessopen.com Luganskaya (Ukraine)"]
[Date "2010.12.20"]
[Round "9"]
[White "Abkarian Suren (ARM)"]
[Black "Semeniuk Vladimir (UKR)"]
[Result "0-1"]
[WhiteElo "2244"]
[BlackElo "2241"]

1.e4 c5 2.Nf3 d6 3.d4 Nf6 4.Nc3 cxd4 5.Nxd4 Nc6 6.Bg5 e6 7.Qd2 Be7 8.O-O-O O-O
9.f4 Nxd4 10.Qxd4 h6 11.Bh4 Qa5 12.e5 dxe5 13.Qxe5 Qxe5 14.fxe5 Nd5 15.Bxe7
Nxe7 16.Bd3 Nc6 17.Rhe1 Rd8 18.Be4 Bd7 19.Nb5 Nxe5 20.Bxb7 Nd3+ 21.Rxd3 Bxb5
22.Rxd8+ Rxd8 23.b3 Rb8 24.Bf3 Kf8 25.c4 Bd7 26.Kd2 Ke7 27.c5 Rd8 28.Kc3 f5
29.Kc4 g5 30.Bb7 Bc8 31.Bxc8 Rxc8 32.b4 g4 33.Rd1 f4 34.Rd3 Rf8 35.Ra3 f3
36.Rxa7+ Kd8 37.gxf3 Rf4+ 38.Kb5 gxf3 39.Ra6 f2 40.Rd6+ Kc7 41.Rc6+ Kd7
42.Rd6+ Ke7 43.Rd1 f1=Q+ 44.Rxf1 Rxf1 45.a4 e5 46.Kc4 Rd1 {#R} 0-1

[Event "Ch Poland (juniors) (under 18) (g)"]
[Site "masterchessopen.com Murzasichle (Poland)"]
[Date "2011.03.07"]
[Round "4"]
[White "Palka Dominika (POL)"]
[Black "Gluszko Monika (POL)"]
[Result "0-1"]
[WhiteElo "1793"]
[BlackElo "2077"]

1.e4 c5 2.Nf3 d6 3.d4 cxd4 4.Nxd4 Nf6 5.Nc3 e6 6.Bg5 Be7 7.Qd2 O-O 8.O-O-O Nc6
9.f4 Nxd4 10.Qxd4 Qa5 11.Bc4 Bd7 12.e5 dxe5 13.fxe5 Bc6 14.Bd2 Nd7 15.Nd5 Qc5
16.Bb4 Bg5+ 17.Kb1 Qxd4 18.Rxd4 exd5 19.Bxf8 dxc4 20.Bd6 b5 21.Rg4 Bh6 22.Re1
Re8 23.g3 g6 24.a4 a6 25.Rd4 Bg7 26.Rd2 Nxe5 27.Rde2 f6 28.Bc5 bxa4 29.Rd1 Bf3
{#R} 0-1

[Event "Memorial Branko Vukmanovic (open)"]
[Site "masterchessopen.com Tivat (Montenegro)"]
[Date "2011.04.17"]
[Round "2"]
[White "Bojkovic Natasa (SRB)"]
[Black "Draskovic Luka (MNE)"]
[Result "1-0"]
[WhiteElo "2378"]
[BlackElo "2153"]

1.e4 c5 2.Nf3 d6 3.d4 cxd4 4.Nxd4 Nf6 5.Nc3 Nc6 6.Bg5 e6 7.Qd2 Be7 8.O-O-O
Nxd4 9.Qxd4 O-O 10.f4 Qa5 11.Kb1 Rd8 12.Qd2 h6 13.h4 Kf8 14.g4 b6 15.Bxf6 Bxf6
16.Rh3 Bb7 17.g5 Bxc3 18.Rxc3 Bxe4 19.gxh6 gxh6 20.f5 Qxf5 21.Qxh6+ Ke7 22.Ba6
Qe5 23.Rf1 Rd7 24.Bc8 {#r} 1-0

[Event "Ch Netherlands (juniors) (a)"]
[Site "masterchessopen.com Haarlem (Netherlands)"]
[Date "2011.04.30"]
[Round "1"]
[White "Pijpers Arthur (NED)"]
[Black "Brookes Christopher (NED)"]
[Result "1-0"]
[WhiteElo "2313"]
[BlackElo "2122"]

1.e4 c5 2.Nf3 d6 3.d4 cxd4 4.Nxd4 Nf6 5.Nc3 Nc6 6.Bg5 e6 7.Qd2 Be7 8.O-O-O O-O
9.f4 Nxd4 10.Qxd4 h6 11.Bh4 Qa5 12.Bc4 e5 13.Qd2 exf4 14.Qe1 Qc5 15.Bb3 Be6
16.Kb1 a6 17.Rf1 Rac8 18.Rxf4 g5 19.Bf2 Qc7 20.Rf3 Bg4 21.Rxf6 Bxf6 22.Nd5 Qd8
23.Bb6 {#r} 1-0

[Event "Ch Europe (w)"]
[Site "masterchessopen.com Tbilisi (Georgia)"]
[Date "2011.05.17"]
[Round "10"]
[White "Kharatyan Anahit (ARM)"]
[Black "Shaidullina Sandugach (RUS)"]
[Result "0-1"]
[WhiteElo "2075"]
[BlackElo "2191"]

1.e4 c5 2.Nf3 Nc6 3.d4 cxd4 4.Nxd4 Nf6 5.Nc3 d6 6.Bg5 e6 7.Qd2 Be7 8.O-O-O O-O
9.f4 Nxd4 10.Qxd4 Qa5 11.Kb1 h6 12.Bh4 e5 13.Qf2 Ng4 14.Qe1 Bxh4 15.Qxh4 exf4
16.Nd5 Be6 17.b3 Rad8 18.Nxf4 Ne3 19.Rd3 Nxc2 20.Kxc2 Qxa2+ 21.Kd1 Bxb3+
22.Ke1 Rc8 23.Be2 Rc1+ 24.Kf2 Rxh1 25.Rg3 Qa1 26.Nh5 Qd4+ 27.Kf3 Qc3+ 28.Kf2
Qe1+ 29.Kf3 Rf1+ 30.Bxf1 Bd1+ {#R} 0-1

[Event "It \"]
[Site "masterchessopen.com Otranto (Italy)"]
[Date "2011.05.24"]
[Round "5"]
[White "Orsi Massimiliano (ITA)"]
[Black "Lanzani Giuliano (ITA)"]
[Result "1-0"]
[WhiteElo "2028"]
[BlackElo "1975"]

1.e4 c5 2.Nf3 Nc6 3.d4 cxd4 4.Nxd4 Nf6 5.Nc3 d6 6.Bg5 e6 7.Qd2 Be7 8.O-O-O O-O
9.f4 Nxd4 10.Qxd4 Qa5 11.e5 dxe5 12.fxe5 Nd5 13.Bd2 Nxc3 14.Bxc3 Qxa2 15.h4
Qa1+ 16.Kd2 Qxd1+ 17.Kxd1 Rd8 18.g3 Rxd4+ 19.Bxd4 b6 20.Rh2 Bb7 21.Kc1 Rd8
22.Bc3 Bc5 23.Bd3 Bf3 24.Kb1 h5 25.Rd2 Be3 26.Bh7+ Kxh7 27.Rxd8 Bf2 28.Bd2 Kg6
29.Rd7 a6 30.Bf4 Bd5 31.Kc1 Bc5 32.Kd2 Bc6 33.Ra7 a5 34.Be3 Bxe3+ 35.Kxe3 a4
36.Ra6 Kf5 37.Rxb6 Be8 38.Rb8 Bc6 39.Rc8 Be4 40.Rc4 Bd5 41.Rxa4 Kxe5 42.c4 Bg2
43.Ra5+ {#r} 1-0

[Event "Ch Montenegro"]
[Site "masterchessopen.com Tivat (Montenegro)"]
[Date "2011.05.29"]
[Round "9"]
[White "Lekic Lazar (MNE)"]
[Black "Draskovic Luka (MNE)"]
[Result "1-0"]
[WhiteElo "1935"]
[BlackElo "2153"]

1.e4 c5 2.Nf3 d6 3.d4 cxd4 4.Nxd4 Nf6 5.Nc3 Nc6 6.Bg5 e6 7.Qd2 Be7 8.O-O-O
Nxd4 9.Qxd4 O-O 10.f4 Qa5 11.Bc4 Bd7 12.e5 dxe5 13.Qxe5 Qb6 14.Qe2 Rad8 15.Ne4
Qc7 16.Rhf1 Kh8 17.Bd3 Ba4 18.Kb1 Bc6 19.Nxf6 gxf6 20.Bh6 Rg8 21.Qh5 Rxd3
22.Rxd3 Bb4 23.Rg3 Rxg3 24.hxg3 Be4 25.Qe2 Qc6 26.Rd1 Be7 27.Rd4 f5 28.Qd2 Qb6
29.Rd7 Bf6 30.b3 Qg1+ 31.Qc1 Qxc1+ 32.Kxc1 Bg7 33.Rd8+ {#r} 1-0

[Event "Memorial V.Kibizov (open)"]
[Site "masterchessopen.com Cheliabinsk (Russia)"]
[Date "2011.07.01"]
[Round "8"]
[White "Kozirev Alexander (RUS)"]
[Black "Kurshev Nikita (RUS)"]
[Result "1-0"]
[WhiteElo "2269"]
[BlackElo "1822"]

1.e4 c5 2.Nf3 d6 3.d4 cxd4 4.Nxd4 Nf6 5.Nc3 Nc6 6.Bg5 e6 7.Qd2 Be7 8.O-O-O O-O
9.f4 Nxd4 10.Qxd4 Qa5 11.Bc4 Bd7 12.e5 dxe5 13.Qxe5 Qb6 14.Qe2 Bc6 15.f5 Bd5
16.Bxd5 Nxd5 17.Bxe7 Nxe7 18.fxe6 Qxe6 19.Qxe6 fxe6 20.Rhe1 Rf6 21.Rd7 Ng6
22.Ne4 Rf7 23.Rxf7 Kxf7 24.Nd6+ Ke7 25.Nxb7 Rc8 26.b4 Rc4 27.Na5 Rc7 28.Kb2
Nf4 29.g3 Nd5 30.a3 Nb6 31.Kb3 Kf6 32.c4 e5 33.c5 Nd7 34.c6 {#r} 1-0

[Event "It (open)"]
[Site "masterchessopen.com Amsterdam (Netherlands)"]
[Date "2011.07.14"]
[Round "6"]
[White "Brookes Christopher (NED)"]
[Black "Plukkel Sjoerd (NED)"]
[Result "0-1"]
[WhiteElo "2122"]
[BlackElo "2276"]

1.e4 c5 2.Nf3 d6 3.d4 cxd4 4.Nxd4 Nf6 5.Nc3 Nc6 6.Bg5 e6 7.Qd2 Be7 8.O-O-O O-O
9.f4 Nxd4 10.Qxd4 Qa5 11.Bc4 Bd7 12.e5 dxe5 13.fxe5 Bc6 14.Bd2 Nd7 15.Nd5 Qd8
16.Nxe7+ Qxe7 17.Rhe1 Nb6 18.Qg4 Nxc4 19.Qxc4 Rac8 20.Qg4 Bd5 21.Bg5 Qc5 22.c3
Kh8 23.Qh4 Qc4 24.Rd4 Qxa2 25.Bf6 Rg8 26.Re3 gxf6 27.Qxf6+ Rg7 28.Rg3 Rg8
29.Rxg7 Qa1+ 30.Kc2 Rxg7 31.Rg4 Bb3+ 32.Kxb3 Qd1+ 33.Ka3 Qxg4 {#R} 0-1

[Event "It (open)"]
[Site "masterchessopen.com Gdansk (Poland)"]
[Date "2011.07.17"]
[Round "2"]
[White "Kanarkiewicz Michal (POL)"]
[Black "Czaczyk Kacper"]
[Result "1-0"]
[WhiteElo "2013"]
[BlackElo "1512"]

1.e4 c5 2.Nf3 d6 3.d4 cxd4 4.Nxd4 Nf6 5.Nc3 Nc6 6.Bg5 e6 7.Qd2 Be7 8.O-O-O O-O
9.f4 Nxd4 10.Qxd4 Qa5 11.Bd3 Bd7 12.e5 dxe5 13.fxe5 Bc6 14.Qh4 Qb4 15.Qxb4
Bxb4 16.exf6 g6 17.Be4 Bxc3 18.Bxc6 Bxb2+ 19.Kxb2 bxc6 20.Kc3 Rfd8 21.Rxd8+
Rxd8 22.Bh6 Rd5 23.Rb1 Rc5+ 24.Kd4 Rd5+ 25.Kc4 Rd8 26.Kc5 Rc8 27.Rb7 a5 28.Ra7
Rd8 29.Kxc6 Rc8+ 30.Kb7 Rd8 31.Ra8 Rxa8 32.Kxa8 a4 33.c4 a3 34.c5 e5 35.c6 e4
36.c7 e3 37.c8=R# 1-0

[Event "It (open)"]
[Site "masterchessopen.com Biel (Switzerland)"]
[Date "2011.07.20"]
[Round "3"]
[White "Edouard Romain (FRA)"]
[Black "Meins Gerlef (GER)"]
[Result "1-0"]
[WhiteElo "2608"]
[BlackElo "2490"]

1.e4 c5 2.Nf3 Nc6 3.d4 cxd4 4.Nxd4 Nf6 5.Nc3 d6 6.Bg5 e6 7.Qd2 Be7 8.O-O-O
Nxd4 9.Qxd4 O-O 10.f4 Qa5 11.Bc4 h6 12.Bh4 e5 13.fxe5 dxe5 14.Qd3 Be6 15.Bxf6
Bxf6 16.Nd5 Bxd5 17.Bxd5 Rad8 18.Qb3 b5 19.h4 Qb6 20.g4 Rd6 21.Kb1 g5 22.Qf3
gxh4 23.g5 Bxg5 24.Qf5 Rf6 25.Qxe5 Rf2 26.Bb3 Rd8 27.Rdg1 Qd4 28.Rxg5+ hxg5
29.Qxg5+ Kf8 30.a3 Rd6 31.Rxh4 Qf6 32.Qg3 Rf3 33.Rh8+ Qxh8 34.Qxd6+ Kg7
35.Qe5+ Kg8 36.Qb8+ Kh7 37.Qh2+ {#r} 1-0

[Event "Ch Vojvodina (open)"]
[Site "masterchessopen.com Novi Sad (Serbia)"]
[Date "2011.07.24"]
[Round "2"]
[White "Kislik Erik Andrew (USA)"]
[Black "Pecurica Milos (MNE)"]
[Result "1-0"]
[WhiteElo "2320"]
[BlackElo "2149"]

1.e4 c5 2.Nf3 d6 3.d4 cxd4 4.Nxd4 Nf6 5.Nc3 Nc6 6.Bg5 e6 7.Qd2 Be7 8.O-O-O
Nxd4 9.Qxd4 O-O 10.f4 Qa5 11.e5 dxe5 12.Qxe5 Qxe5 13.fxe5 Nd5 14.Bxe7 Nxe7
15.Bd3 b6 16.Rhe1 Ng6 17.Bxg6 hxg6 18.Nb5 Bb7 19.Re2 Ba6 20.a4 Rac8 21.b3 Bxb5
22.axb5 Rfd8 23.Rxd8+ Rxd8 24.c4 Kf8 25.Rd2 Ra8 26.Rd7 a5 27.Rb7 a4 28.Kb2
axb3 29.Kxb3 f6 30.Rxb6 Ke7 31.Rb7+ Kf8 32.c5 fxe5 33.c6 Ke8 34.Rxg7 {#r} 1-0

[Event "It (open)"]
[Site "masterchessopen.com Dieren (Netherlands)"]
[Date "2011.07.27"]
[Round "8"]
[White "Van Foreest Jorden (NED)"]
[Black "Bus Tom (NED)"]
[Result "1-0"]
[WhiteElo "2153"]
[BlackElo "2186"]

1.e4 c5 2.Nf3 Nc6 3.d4 cxd4 4.Nxd4 Nf6 5.Nc3 d6 6.Bg5 e6 7.Qd2 Be7 8.O-O-O O-O
9.f4 Nxd4 10.Qxd4 Qa5 11.Bc4 Bd7 12.Rd3 Bc6 13.Rg3 Kh8 14.Kb1 b5 15.e5 dxe5
16.fxe5 Ng8 17.Qg4 Bxg5 18.Qxg5 g6 19.Bd3 b4 20.Ne4 Bd5 21.b3 Bxe4 22.Bxe4
Rac8 23.h4 Rc5 24.h5 Rc7 25.hxg6 fxg6 26.Bxg6 Rg7 27.Rgh3 Nf6 28.Qf4 Rxg6
29.exf6 Rf7 30.Rh6 Rxg2 31.Qe4 Qg5 32.Rxh7+ {#r} 1-0

[Event "Memorial K.Holuj-Radzikowska (w)"]
[Site "masterchessopen.com Warsaw (Poland)"]
[Date "2011.08.12"]
[Round "9"]
[White "Leks Maria (POL)"]
[Black "Gluszko Monika (POL)"]
[Result "1-0"]
[WhiteElo "2108"]
[BlackElo "2077"]

1.e4 c5 2.Nf3 Nc6 3.d4 cxd4 4.Nxd4 Nf6 5.Nc3 d6 6.Bg5 e6 7.Qd2 Be7 8.O-O-O
Nxd4 9.Qxd4 O-O 10.f4 Qa5 11.Bc4 Bd7 12.e5 dxe5 13.fxe5 Bc6 14.Bd2 Nd7 15.Nd5
Qc5 16.Nxe7+ Qxe7 17.Rhe1 Nb6 18.Bd3 Rfd8 19.Qg4 Rxd3 20.cxd3 Ba4 21.Bh6 f5
22.exf6 Qxf6 23.Bg5 Rc8+ 24.Kb1 Bc2+ 25.Ka1 Bxd1 26.Rxd1 Qf5 27.Qg3 Na4 28.Bf4
Rc5 29.Re1 Rc2 30.Be5 Qg6 31.Qh4 Qe8 32.Qg4 g6 33.Qh4 Qc8 34.Kb1 Rd2 35.Qxa4
b5 36.Qb3 a5 37.Rc1 Qd7 38.d4 Rxg2 39.Qf3 {#r} 1-0

[Event "It (open)"]
[Site "masterchessopen.com Zupanja (Croatia)"]
[Date "2011.08.21"]
[Round "8"]
[White "Sulc Damir (CRO)"]
[Black "Jaklin Damir (CRO)"]
[Result "1-0"]
[WhiteElo "2248"]
[BlackElo "1984"]

1.e4 c5 2.Nf3 d6 3.d4 cxd4 4.Nxd4 Nf6 5.Nc3 Nc6 6.Bg5 e6 7.Qd2 Be7 8.O-O-O
Nxd4 9.Qxd4 O-O 10.f4 Qa5 11.Bc4 Bd7 12.Bb3 Bc6 13.Rhf1 h6 14.Bh4 Qh5 15.Bg3
Rfd8 16.f5 e5 17.Qd3 Rac8 18.Kb1 Nd7 19.Nd5 Bg5 20.h4 Nc5 21.Qf3 Qxf3 22.gxf3
Bf6 23.Bf2 b5 24.Nxf6+ gxf6 25.Rg1+ Kf8 26.h5 Ke7 27.Rg7 Nxb3 28.axb3 a6
29.Be3 Bb7 30.b4 Rg8 31.Rdg1 Rh8 32.c3 Kf8 33.Kc2 Ke8 34.Kd3 Ke7 35.b3 Bc6
36.c4 Ra8 37.Bb6 Rab8 38.c5 d5 39.Bc7 Rbc8 40.Bd6+ Ke8 41.Rg8+ Kd7 42.Rxc8
dxe4+ 43.fxe4 Kxc8 44.Be7 Be8 45.Bxf6 {#r} 1-0

[Event "Tournament (open) \"]
[Site "masterchessopen.com Athens (Greece)"]
[Date "2011.09.20"]
[Round "2"]
[White "Kostopoulos Evangellos (GRE)"]
[Black "Mitrandzas Athanasios (GRE)"]
[Result "0-1"]
[WhiteElo "2207"]
[BlackElo "2051"]

1.e4 c5 2.Nf3 d6 3.d4 cxd4 4.Nxd4 Nf6 5.Nc3 Nc6 6.Bg5 e6 7.Qd2 Be7 8.O-O-O O-O
9.f4 Nxd4 10.Qxd4 Qa5 11.Be2 h6 12.Bh4 e5 13.Qd2 Nxe4 14.Nxe4 Qxa2 15.Qe1 Bxh4
16.Qxh4 Qa1+ 17.Kd2 Qxb2 18.Rb1 Qd4+ 19.Bd3 f5 20.c3 Qd5 21.Nf2 e4 22.Rb5 Qa2+
23.Bc2 e3+ 24.Kd3 Be6 25.Rb4 Rac8 26.Nd1 Bc4+ 27.Rxc4 Qxc4+ 28.Kxe3 Rfe8+
29.Kd2 Re2+ 30.Kc1 Qa2 {#R} 0-1

[Event "Czech League 2011/12 (2nd) (b)"]
[Site "masterchessopen.com Czech Republic"]
[Date "2011.10.09"]
[Round "1"]
[White "Friml Antonin (CZE)"]
[Black "Marsalek Lubos (CZE)"]
[Result "1-0"]
[WhiteElo "2126"]
[BlackElo "2020"]

1.e4 c5 2.Nf3 Nc6 3.d4 cxd4 4.Nxd4 Nf6 5.Nc3 d6 6.Bg5 e6 7.Qd2 Be7 8.O-O-O
Nxd4 9.Qxd4 O-O 10.f4 Qa5 11.Bc4 Rd8 12.Bb3 Bd7 13.Kb1 Bc6 14.Qe3 b5 15.Rhf1
b4 16.Bxf6 Bxf6 17.Ne2 Qc7 18.g4 a5 19.g5 Be7 20.f5 a4 21.Bc4 Bxe4 22.Qxe4 d5
23.Bxd5 exd5 24.Rxd5 Rxd5 25.Qxd5 Rd8 26.Qe4 Bxg5 27.Qxb4 Qe5 28.Nc1 Rb8
29.Nd3 Rxb4 30.Nxe5 Bf6 31.Nd3 Rb5 32.c4 Rb8 33.Kc2 Re8 34.Re1 Rb8 35.Re4 h6
36.c5 a3 37.b4 Kf8 38.c6 Re8 39.Rxe8+ Kxe8 40.Kb3 Kd8 41.Kxa3 {#r} 1-0